000 01075nam a2200253 i 4500
003 SA-RiAUC
005 20241107121449.0
008 241027s1982 su g b 00010 ara c
040 _aSA-JeALM
_bara
_cSA-RiAUC
_erda
082 0 4 _a252.2
_qSA-RiAUC
090 _a252.2
_b ا هـ د
100 1 _aالأهدل، محمد بن عبد الرحمن بن حسن
_eمؤلف.
245 1 0 _aوبل الغمام في أحكام المأموم والإمام /
_cتأليف جمال الدين أبي سليمان محمد بن عبد الرحمن بن حسن بن عبد الباري الأهدل.
250 _aالطبعة الثالثة.
264 1 _aمكة المكرمة :
_bمكتبة النور،
_c1982
300 _a230 صفحة ؛
_c24 سم
336 _aنص
_btxt
_2rdacontent
_3كتاب
337 _aبدون وسيط
_bn
_2rdamedia
338 _aمجلد
_bnc
_2rdacarrier
504 _aيشتمل على إرجاعات ببليوجرافية.
650 7 _aالفقه الإسلامي
_2aucsh
942 _2ddc
_cBOOK
_n0
949 _aSA-JeALM
_d241027
_ukhaled123
_n1
999 _c2169
_d2169